| 000 | 00537nam a22001937a 4500 | ||
|---|---|---|---|
| 003 | CEME | ||
| 005 | 20210628203543.0 | ||
| 008 | 210119b xxu||||| |||| 00| 0 eng d | ||
| 020 | _a0-07-010910-9 | ||
| 040 | _c. | ||
| 082 | _a330.0151 CHI | ||
| 100 |
_aChiang, Alpha C, Wainwright, Kevin _966219 |
||
| 245 | _aFundamental mehtods of mathematical economics | ||
| 250 | _a4TH | ||
| 260 |
_aNEW YORK _bMCGRAW HILL _c2005 |
||
| 300 | _aXIX,688 P | ||
| 650 |
_aECONOMICS, MATHEMATICAL.MATHEMATICAL ECONOMICS _966220 |
||
| 942 |
_cBK _2ddc |
||
| 999 |
_c574216 _d574216 |
||